000 00595nam a2200181 i 4500
001 37782
003 ES-MaACL
005 20251003063052.0
007 t|
008 030221s1955 sp ||||1| spa d
100 1 _aCadenas y Vicent, Francisco,
_cConde de Gaviria
_933390
245 1 0 _aGuía-inventario del archivo de protocolos de León /
_cFrancisco de Cadenas y Vicent.
260 _aMadrid :
_bHidalguía,
_c1955.
300 _a141 p. ;
_c18 cm.
500 _aIndice alfabético, cronológico y geográfico.
852 _aES-MaACL
_jL-10361
_bR.110990
999 _c37782
_d37782